[Event "Leiden SB-chA"]
[Site "Leiden"]
[Date "2015.06.16"]
[Round "5"]
[White "Oei, Hway Ik"]
[Black "Spaans, Coenraad"]
[Result "1/2-1/2"]
[WhiteElo "2011"]
[BlackElo "1906"]
[PlyCount "52"]
[EventDate "2015.05.19"]
[EventType "swiss"]
[EventRounds "7"]
[EventCountry "NED"]
[SourceTitle "EXT 2018"]
[Source "ChessBase"]
[SourceDate "2017.10.13"]
[SourceVersion "1"]
[SourceVersionDate "2017.10.13"]
[SourceQuality "1"]

1. d4 Nf6 2. c4 e6 3. Nf3 b6 4. a3 Bb7 5. Nc3 d5 6. Bg5 Be7 7. e3 0-0 8. b4 c5 9. Qb3 cxd4 10. Nxd4 Nc6 11. Nf3 h6 12. Bh4 Ne4 13. Bxe7 Nxe7 14. Rc1 Nxc3 15. Rxc3 Rc8 16. c5 bxc5 17. bxc5 d4 18. exd4 Bxf3 19. Rxf3 Qxd4 20. Be2 Rxc5 21. 0-0 Rfc8 22. Rd3 Qe5 23. Bf3 Nd5 24. Bxd5 Rxd5 25. Re3 Qc7 26. h3 Rc5 1/2-1/2

[Event "Leiden SB-chA"]
[Site "Leiden"]
[Date "2015.06.09"]
[Round "4"]
[White "Coene, Igor"]
[Black "Oei, Hway Ik"]
[Result "1-0"]
[WhiteElo "2203"]
[BlackElo "2011"]
[PlyCount "80"]
[EventDate "2015.05.19"]
[EventType "swiss"]
[EventRounds "7"]
[EventCountry "NED"]
[SourceTitle "EXT 2018"]
[Source "ChessBase"]
[SourceDate "2017.10.13"]
[SourceVersion "1"]
[SourceVersionDate "2017.10.13"]
[SourceQuality "1"]

1. d4 Nf6 2. Nf3 e6 3. c4 c5 4. g3 cxd4 5. Nxd4 Qc7 6. Bg2 Qxc4 7. 0-0 d5 8. Nc3 a6 9. Bg5 Nbd7 10. Rc1 Qb4 11. e4 dxe4 12. Nxe4 Be7 13. Bxf6 Nxf6 14. Nc6 Qb6 15. Nd6+ Kf8 16. Nc4 Qc7 17. Nxe7 Kxe7 18. Qb3 Nd7 19. Qb4+ Kd8 20. Nd6 Qb6 21. Nxf7+ Ke8 22. Nd6+ Kd8 23. Qh4+ Nf6 24. Nf7+ Ke7 25. Nxh8 Bd7 26. Qg5 Kf8 27. Rfd1 Be8 28. Qe3 Qxe3 29. fxe3 Rb8 30. Rc7 b6 31. Rd6 Kg8 32. Rxe6 Kxh8 33. Bc6 Bg6 34. Ra7 a5 35. Ra8 Rxa8 36. Bxa8 b5 37. Rb6 h5 38. Rxb5 a4 39. Bf3 h4 40. gxh4 Bb1 1-0

[Event "Leiden SB-chA"]
[Site "Leiden"]
[Date "2014.06.03"]
[Round "4"]
[White "Heemskerk, Wim"]
[Black "Oei, Hway Ik"]
[Result "1-0"]
[WhiteElo "2269"]
[BlackElo "2016"]
[PlyCount "63"]
[EventDate "2014.05.13"]
[EventType "swiss"]
[EventRounds "7"]
[EventCountry "NED"]
[SourceTitle "EXT 2015"]
[Source "ChessBase"]
[SourceDate "2014.11.20"]
[SourceVersion "1"]
[SourceVersionDate "2014.11.20"]
[SourceQuality "1"]

1. Nf3 g6 2. g3 Bg7 3. d4 d6 4. c4 Nd7 5. Nc3 h6 6. Bg2 e5 7. e4 Ne7 8. 0-0 0-0 9. Be3 f5 10. dxe5 dxe5 11. Qd2 Kh7 12. Rad1 c6 13. Bc5 Qe8 14. Bd6 Qf7 15. exf5 gxf5 16. Rfe1 e4 17. Qc2 Nf6 18. Nh4 Re8 19. Bh3 Qh5 20. Qe2 Qxe2 21. Rxe2 Nfg8 22. f3 Be6 23. fxe4 Bxc4 24. Ree1 fxe4 25. Bd7 Red8 26. Bxe7 Nxe7 27. Rxe4 Bf6 28. Rxc4 Nd5 29. Nxd5 cxd5 30. Rxd5 Bxb2 31. Rb4 Ba3 32. Rxb7 1-0

[Event "Avoine op 28th"]
[Site "Avoine"]
[Date "2013.07.24"]
[Round "5"]
[White "Chargelegue, Thomas"]
[Black "Oei, Hway Ik"]
[Result "0-1"]
[WhiteElo "1748"]
[BlackElo "2093"]
[PlyCount "60"]
[EventDate "2013.07.20"]
[EventType "swiss"]
[EventRounds "9"]
[EventCountry "FRA"]
[SourceTitle "CBM 155 Extra"]
[Source "ChessBase"]
[SourceDate "2013.08.26"]
[SourceVersion "1"]
[SourceVersionDate "2013.08.26"]
[SourceQuality "1"]

1. e4 c6 2. d4 d5 3. Nc3 dxe4 4. Nxe4 Bf5 5. Ng3 Bg6 6. h4 h6 7. Nf3 Nd7 8. h5 Bh7 9. Bd3 Bxd3 10. Qxd3 e6 11. Bd2 Ngf6 12. 0-0-0 Be7 13. Kb1 a6 14. Ne4 Nxe4 15. Qxe4 Nf6 16. Qe2 Qd5 17. Be3 Bd6 18. c4 Qf5+ 19. Qc2 Qxc2+ 20. Kxc2 0-0 21. c5 Bc7 22. Ne5 Rfd8 23. Rh4 Rd5 24. Bf4 Bxe5 25. Bxe5 Ne8 26. g4 f6 27. Bf4 Rad8 28. Be3 e5 29. Kc3 Nc7 30. f4 exd4+ 0-1

[Event "Avoine op 28th"]
[Site "Avoine"]
[Date "2013.07.20"]
[Round "1"]
[White "Oei, Hway Ik"]
[Black "Dgebuadze, Alexandre"]
[Result "1/2-1/2"]
[WhiteElo "2093"]
[BlackElo "2520"]
[PlyCount "43"]
[EventDate "2013.07.20"]
[EventType "swiss"]
[EventRounds "9"]
[EventCountry "FRA"]
[SourceTitle "CBM 155 Extra"]
[Source "ChessBase"]
[SourceDate "2013.08.26"]
[SourceVersion "1"]
[SourceVersionDate "2013.08.26"]
[SourceQuality "1"]

1. d4 Nf6 2. c4 e6 3. g3 c5 4. d5 exd5 5. cxd5 Bd6 6. Bg2 a6 7. a4 Bc7 8. e4 d6 9. Ne2 0-0 10. 0-0 Re8 11. Nec3 Nbd7 12. Na3 Rb8 13. h3 Ba5 14. Qc2 Nb6 15. Bd2 c4 16. Ncb1 Bxd2 17. Nxd2 c3 18. bxc3 Bd7 19. a5 Ba4 20. Qb1 Nc8 21. Qb4 Bd7 22. Rfb1 1/2-1/2

[Event "Leiden SB-ch"]
[Site "Leiden"]
[Date "2013.05.28"]
[Round "2"]
[White "Oei, Hway Ik"]
[Black "Van Haastert, Edwin"]
[Result "0-1"]
[WhiteElo "2093"]
[BlackElo "2421"]
[PlyCount "56"]
[EventDate "2013.05.21"]
[EventType "swiss"]
[EventRounds "7"]
[EventCountry "NED"]
[SourceTitle "EXT 2014"]
[Source "ChessBase"]
[SourceDate "2013.11.20"]
[SourceVersion "1"]
[SourceVersionDate "2013.11.20"]
[SourceQuality "1"]

1. d4 Nf6 2. c4 c5 3. d5 e6 4. Nc3 exd5 5. cxd5 d6 6. Nf3 g6 7. Bf4 a6 8. a4 Bg7 9. e3 Bg4 10. Be2 0-0 11. h3 Bxf3 12. Bxf3 Qc7 13. 0-0 Nbd7 14. Be2 Rfe8 15. Qc2 Ne5 16. Bh2 Rac8 17. Rfe1 c4 18. f4 Ned7 19. e4 b5 20. axb5 axb5 21. Bf3 b4 22. Na4 Nc5 23. Qxc4 Nfxe4 24. Bxe4 Nxe4 25. Qxc7 Rxc7 26. Rac1 Bd4+ 27. Kh1 Nf2+ 28. Kg1 Rxc1 0-1

[Event "Leiden LCT op-A 6th"]
[Site "Leiden"]
[Date "2012.07.14"]
[Round "7"]
[White "Van Beek, Alexander"]
[Black "Oei, Hway Ik"]
[Result "1-0"]
[WhiteElo "2329"]
[BlackElo "2104"]
[PlyCount "71"]
[EventDate "2012.07.06"]
[EventType "swiss"]
[EventRounds "9"]
[EventCountry "NED"]
[SourceTitle "CBM 149 Extra"]
[Source "ChessBase"]
[SourceDate "2012.08.24"]
[SourceVersion "1"]
[SourceVersionDate "2012.08.24"]
[SourceQuality "1"]

1. e4 c6 2. d4 d5 3. e5 Bf5 4. Nf3 e6 5. Be2 c5 6. Be3 Qb6 7. Nc3 Qxb2 8. Qb1 Qxb1+ 9. Rxb1 c4 10. Rxb7 Na6 11. Nh4 Bb4 12. Kd2 Ne7 13. Rb1 Ba5 14. R1b5 Bd8 15. Rxe7+ Bxe7 16. Nxf5 exf5 17. Nxd5 Bd8 18. Bxc4 0-0 19. Rb7 Nb8 20. Nc7 Bxc7 21. Rxc7 a5 22. e6 fxe6 23. Bxe6+ Kh8 24. d5 Na6 25. Re7 Rfe8 26. Rxe8+ Rxe8 27. c4 Rf8 28. d6 Nb8 29. c5 Nc6 30. Kc3 f4 31. Bd4 Rb8 32. Bd5 Nb4 33. Bb3 Nc6 34. Ba4 Nd8 35. c6 Nxc6 36. Bxc6 1-0

[Event "Avoine op 26th"]
[Site "Avoine"]
[Date "2011.07.30"]
[Round "8"]
[White "Navrotescu, Andreea Cristiana"]
[Black "Oei, Hway Ik"]
[Result "1-0"]
[WhiteElo "1954"]
[BlackElo "2122"]
[PlyCount "85"]
[EventDate "2011.07.23"]
[EventType "swiss"]
[EventRounds "9"]
[EventCountry "FRA"]
[SourceTitle "EXT 2012"]
[Source "ChessBase"]
[SourceDate "2011.11.24"]
[SourceVersion "1"]
[SourceVersionDate "2011.11.24"]
[SourceQuality "1"]

1. d4 d5 2. c4 e6 3. Nc3 Nf6 4. Bg5 c6 5. e3 Nbd7 6. cxd5 exd5 7. Bd3 Bd6 8. Qc2 h6 9. Bh4 Qa5 10. Nf3 0-0 11. 0-0 Re8 12. a3 Qd8 13. b4 g5 14. Bg3 Bxg3 15. hxg3 b6 16. e4 Bb7 17. e5 Nh5 18. Qb3 Nf8 19. Nd1 Bc8 20. Ne3 g4 21. Nh4 Ng7 22. Rac1 Bd7 23. b5 cxb5 24. Bxb5 Bxb5 25. Qxb5 Nfe6 26. Nxg4 Re7 27. Nxh6+ Kh8 28. N6f5 Rd7 29. Rfd1 a6 30. Qe2 Qg5 31. Nxg7 Kxg7 32. Qf3 Kg8 33. Nf5 Rb8 34. Rc6 a5 35. Nd6 Nd8 36. Rc2 Nb7 37. Rc8+ Rxc8 38. Nxc8 Qd8 39. Nxb6 Qxb6 40. Qg4+ Kf8 41. Qxd7 Nd8 42. Qxd5 Ne6 43. Qd6+ 1-0

[Event "Avoine op 26th"]
[Site "Avoine"]
[Date "2011.07.29"]
[Round "7"]
[White "Oei, Hway Ik"]
[Black "Monpeurt, Cyrielle"]
[Result "1/2-1/2"]
[WhiteElo "2122"]
[BlackElo "1974"]
[PlyCount "38"]
[EventDate "2011.07.23"]
[EventType "swiss"]
[EventRounds "9"]
[EventCountry "FRA"]
[SourceTitle "EXT 2012"]
[Source "ChessBase"]
[SourceDate "2011.11.24"]
[SourceVersion "1"]
[SourceVersionDate "2011.11.24"]
[SourceQuality "1"]

1. d4 Nf6 2. c4 c5 3. d5 e6 4. Nc3 exd5 5. cxd5 d6 6. e4 g6 7. Nf3 Bg7 8. h3 0-0 9. Bd3 b5 10. Nxb5 Re8 11. 0-0 Nxe4 12. Re1 Nf6 13. Rxe8+ Nxe8 14. Bg5 Qb6 15. Qd2 Bb7 16. Re1 Nd7 17. Nc3 Nef6 18. Bf1 Rb8 19. b3 Ba8 1/2-1/2

[Event "Delft Prinsenstad op-A"]
[Site "Delft"]
[Date "2011.04.23"]
[Round "2"]
[White "Oei, Hway Ik"]
[Black "Haslinger, Stewart"]
[Result "1/2-1/2"]
[WhiteElo "2060"]
[BlackElo "2529"]
[PlyCount "82"]
[EventDate "2011.04.22"]
[EventType "swiss"]
[EventRounds "6"]
[EventCountry "NED"]
[SourceTitle "EXT 2013"]
[Source "ChessBase"]
[SourceDate "2012.11.22"]
[SourceVersion "1"]
[SourceVersionDate "2012.11.22"]
[SourceQuality "1"]

1. d4 d6 2. Nf3 Bg4 3. c4 Nd7 4. Nc3 e5 5. g3 Ngf6 6. Bg2 c6 7. e4 Qb6 8. d5 Qb4 9. Qe2 Nb6 10. dxc6 bxc6 11. c5 Qxc5 12. 0-0 Be7 13. a3 0-0 14. Re1 h6 15. Qc2 Qc4 16. h3 Be6 17. Nd2 Qa6 18. b3 Qc8 19. Kh2 Nh7 20. g4 Rb8 21. Rb1 d5 22. f3 Rd8 23. Nd1 Bh4 24. Rf1 Bg5 25. Nf2 Qa6 26. Re1 Bf4+ 27. Kg1 Ng5 28. a4 Nd7 29. Nf1 Bxc1 30. Rexc1 dxe4 31. fxe4 Rb6 32. h4 Nh7 33. Ne3 Rdb8 34. Bf1 Qb7 35. b4 Rxb4 36. Rxb4 Qxb4 37. Qxc6 Qe7 38. Nf5 Bxf5 39. exf5 Ndf8 40. Qc7 Qe8 41. Bb5 Qd8 1/2-1/2

[Event "Avoine op 25th"]
[Site "Avoine"]
[Date "2010.07.23"]
[Round "7"]
[White "Schneider, Daniel"]
[Black "Oei, Hway Ik"]
[Result "1/2-1/2"]
[WhiteElo "1961"]
[BlackElo "2148"]
[PlyCount "71"]
[EventDate "2010.07.17"]
[EventType "swiss"]
[EventRounds "9"]
[EventCountry "FRA"]
[SourceTitle "EXT 2011"]
[Source "ChessBase"]
[SourceDate "2010.11.26"]
[SourceVersion "1"]
[SourceVersionDate "2010.11.26"]
[SourceQuality "1"]

1. e4 c5 2. Nf3 d6 3. d4 cxd4 4. Nxd4 Nf6 5. Nc3 a6 6. Bc4 e6 7. Bb3 Be7 8. Be3 Nc6 9. 0-0 0-0 10. f4 Nxd4 11. Bxd4 b5 12. a3 Bb7 13. Qe2 Qc7 14. f5 e5 15. Bf2 Rac8 16. Rad1 Nd7 17. Be3 Nb6 18. Qg4 Bf6 19. Rd2 Rfd8 20. Rfd1 Nc4 21. Bxc4 bxc4 22. Qe2 Rb8 23. Qf2 Bc6 24. g4 h6 25. h4 Qe7 26. g5 hxg5 27. hxg5 Bxg5 28. Qg3 Bxe3+ 29. Qxe3 Rb7 30. Rh2 Qf6 31. Qh3 Kf8 32. Qh5 Ke7 33. Qe2 Qg5+ 34. Rg2 Qh6 35. Rh2 Qg5+ 36. Rg2 1/2-1/2

[Event "Leiden LCT op 3rd"]
[Site "Leiden"]
[Date "2009.07.17"]
[Round "7"]
[White "Harini, S."]
[Black "Oei, Hway Ik"]
[Result "1-0"]
[WhiteElo "1986"]
[BlackElo "2175"]
[PlyCount "63"]
[EventDate "2009.07.10"]
[EventType "swiss"]
[EventRounds "9"]
[EventCountry "NED"]
[SourceTitle "CBM 131 Extra"]
[Source "ChessBase"]
[SourceDate "2009.09.03"]
[SourceVersion "2"]
[SourceVersionDate "2009.09.16"]
[SourceQuality "1"]

1. e4 c6 2. d4 d5 3. exd5 cxd5 4. c4 Nf6 5. Nc3 e6 6. Nf3 Be7 7. cxd5 Nxd5 8. Bd3 Nc6 9. 0-0 0-0 10. Re1 Nf6 11. a3 a6 12. Bg5 g6 13. Bc2 b5 14. b4 Bb7 15. Rc1 Rc8 16. Bb3 Re8 17. Qd2 Nb8 18. Ne5 Nd5 19. Bxe7 Rxe7 20. Ne4 Rxc1 21. Rxc1 Rc7 22. Rxc7 Nxc7 23. Ng5 Nc6 24. Nexf7 Qxd4 25. Qa2 Kg7 26. h3 e5 27. Nf3 Qc3 28. Nd6 Ba8 29. Bd5 Qd3 30. Bxc6 Bxc6 31. Qf7+ Kh6 32. Qf8+ 1-0

[Event "Leiden SB-ch"]
[Site "Leiden"]
[Date "2009.06.02"]
[Round "3"]
[White "Oei, Hway Ik"]
[Black "Van der Velden, Bram"]
[Result "1/2-1/2"]
[WhiteElo "2175"]
[BlackElo "2195"]
[PlyCount "55"]
[EventDate "2009.05.19"]
[EventType "swiss"]
[EventRounds "7"]
[EventCountry "NED"]
[SourceTitle "EXT 2012"]
[Source "ChessBase"]
[SourceDate "2011.11.24"]
[SourceVersion "1"]
[SourceVersionDate "2011.11.24"]
[SourceQuality "1"]

1. c4 c6 2. e4 d5 3. exd5 cxd5 4. d4 Nf6 5. Nc3 e6 6. Nf3 Bb4 7. Qc2 Nc6 8. Bd3 dxc4 9. Bxc4 0-0 10. Be3 a6 11. 0-0 Be7 12. a3 b5 13. Ba2 Bb7 14. b4 a5 15. Nxb5 axb4 16. a4 Rc8 17. Qe2 Na5 18. Rac1 b3 19. Rxc8 Qxc8 20. Bb1 Qc4 21. Qxc4 Nxc4 22. Rc1 Bd5 23. Nd2 Na3 24. Bd3 b2 25. Rc7 Bb4 26. Nxa3 Bxa3 27. Nb1 Bd6 28. Rc2 1/2-1/2

[Event "Leiden SB-ch"]
[Site "Leiden"]
[Date "2008.06.10"]
[Round "4"]
[White "Oei, Hway Ik"]
[Black "Serdijn Koster, Adinda"]
[Result "1-0"]
[WhiteElo "2083"]
[BlackElo "1997"]
[PlyCount "93"]
[EventDate "2008.05.20"]
[EventType "swiss"]
[EventRounds "7"]
[EventCountry "NED"]
[SourceTitle "EXT 2012"]
[Source "ChessBase"]
[SourceDate "2011.11.24"]
[SourceVersion "1"]
[SourceVersionDate "2011.11.24"]
[SourceQuality "1"]

1. d4 d5 2. c4 dxc4 3. Nf3 Nf6 4. e3 e6 5. Bxc4 c5 6. 0-0 a6 7. Bb3 Be7 8. dxc5 Qxd1 9. Rxd1 Bxc5 10. Bd2 0-0 11. Bc3 Nc6 12. Nbd2 Rd8 13. Nc4 Nd5 14. Be1 b5 15. Na5 Nxa5 16. Bxa5 Re8 17. Bxd5 exd5 18. Rxd5 Be7 19. Nd4 Bf6 20. Rd1 h6 21. h3 Bb7 22. Rd7 Be4 23. f3 Bg6 24. e4 Rec8 25. a3 Kf8 26. Bc3 Ke8 27. Ne2 Rc6 28. Bxf6 Rxf6 29. Nc3 Rc6 30. Kf2 Rac8 31. Ke3 R6c7 32. Rxc7 Rxc7 33. Rd6 Ra7 34. e5 Bf5 35. g4 Be6 36. f4 Bc4 37. h4 a5 38. Rd4 Rb7 39. Ne4 Ke7 40. Nd6 Rc7 41. Nf5+ Ke8 42. Nxg7+ Kf8 43. Nf5 Kg8 44. Nxh6+ Kh7 45. g5 Bb3 46. f5 Rc2 47. Rd7 1-0